000 01163cam a22003617a 4500
003 CHAP
005 20220329141454.0
008 971013s1985 r 00010 d
010 _a68709
011 _a69681
035 _a79158
040 _cCHAP
082 _a636.2
_bH64 1985
100 0 0 _aHomedes Ranquini, Juan.
_956054
245 0 _aGanado vacuno, caballar, asnal y mular
250 _a3 ed.
260 _aBarcelona :
_bSintes,
_c1985
300 _a326 p.
_b: ilus.
490 0 _aBiblioteca del ganadero
590 _aBATCH-UPD
_b10
_c20130109
_lUCH01
_h2338
590 _aBATCH-UPD
_b10
_c20130110
_lUCH01
_h0158
590 _aBATCH-UPD
_b10
_c20130110
_lUCH01
_h1913
590 _aCONVERSION
_b10
_c20130109
_lUCH01
_h1338
650 1 4 _aGanado asnal.
_944964
650 1 4 _aGanado caballar.
_944967
650 1 4 _aGanado mular.
_945318
650 1 4 _aGanado vacuno.
_945425
830 0 _aBiblioteca del ganadero
_912365
901 _aBK
942 _cLIBRO
949 _a636.2 H64 1985
_bBC
_cLIBRO
_d33724000664488
_eLIBRO
_gI.144485
_h75573
_i79158
_si
_t58.00
949 _a636.2 H64 1985
_bBC
_cLIBRO
_d33724000873006
_eLIBRO
_fc.2
_gDonaciØn
_h103846
_i79158
_si
999 _c68709
_d68709